Normal view
MARC view
Entry Personal Name
001 - CONTROL NUMBER
- control field: 605082
003 - CONTROL NUMBER IDENTIFIER
- control field: OSt
005 - DATE AND TIME OF LATEST TRANSACTION
- control field: 20221005065901.0
008 - FIXED-LENGTH DATA ELEMENTS
- fixed length control field: 221005|| aca||aabn | a|a d
040 ## - CATALOGING SOURCE
- Original cataloging agency: OSt
- Transcribing agency: OSt
100 ## - HEADING--PERSONAL NAME
- Personal name: Prabhupanda Bhaktivedanta
670 ## - SOURCE DATA FOUND
- Source citation: Work cat.: (OSt)975357: Prabhupanda Bhaktivedanta, Message of godhad, 1995
